| 000 -LEADER |
| fixed length control field |
01090cam a2200313 a 4500 |
| 001 - CONTROL NUMBER |
| control field |
(Sirsi) a615194 |
| 003 - CONTROL NUMBER IDENTIFIER |
| control field |
OSt |
| 005 - DATE AND TIME OF LATEST TRANSACTION |
| control field |
20250305085751.0 |
| 008 - FIXED-LENGTH DATA ELEMENTS--GENERAL INFORMATION |
| fixed length control field |
091218s2008 enka c 001 0 eng d |
| 020 ## - INTERNATIONAL STANDARD BOOK NUMBER |
| International Standard Book Number |
0439944562 (pbk.) : |
| 020 ## - INTERNATIONAL STANDARD BOOK NUMBER |
| International Standard Book Number |
9780439944564 (pbk.) : |
| 020 ## - INTERNATIONAL STANDARD BOOK NUMBER |
| International Standard Book Number |
9781407135182 |
| Qualifying information |
box set |
| 040 ## - CATALOGING SOURCE |
| Original cataloging agency |
WLB |
| Language of cataloging |
eng |
| Transcribing agency |
WLB |
| Modifying agency |
TAE |
| 041 0# - LANGUAGE CODE |
| Language code of text/sound track or separate title |
eng |
| 042 ## - AUTHENTICATION CODE |
| Authentication code |
nbic |
| 082 0# - DEWEY DECIMAL CLASSIFICATION NUMBER |
| Classification number |
551.483 GAN |
| 100 1# - MAIN ENTRY--PERSONAL NAME |
| Personal name |
Ganeri, Anita, |
| Dates associated with a name |
1961- |
| Relator term |
author |
| 245 10 - TITLE STATEMENT |
| Title |
Raging rivers / |
| Statement of responsibility, etc. |
Anita Ganeri ; illustrated by Mike Phillips. |
| 260 ## - PUBLICATION, DISTRIBUTION, ETC. |
| Place of publication, distribution, etc. |
London : |
| Name of publisher, distributor, etc. |
Scholastic, |
| Date of publication, distribution, etc. |
2008. |
| 300 ## - PHYSICAL DESCRIPTION |
| Extent |
160 p. : |
| Other physical details |
ill. ; |
| Dimensions |
20 cm. |
| 440 ## - SERIES STATEMENT/ADDED ENTRY--TITLE |
| Title |
Horrible geography. |
| 500 ## - GENERAL NOTE |
| General note |
Includes index. |
| 500 ## - GENERAL NOTE |
| General note |
Originally published: London: Scholastic, 2000. |
| 520 ## - SUMMARY, ETC. |
| Summary, etc. |
Where in the world can you peer over the edge of a roaring waterfall? Come face-to-face with a peckish piranha? Go white-water rafting throughhair-raising rapids? Raging Rivers, that's where! |
| 521 1# - TARGET AUDIENCE NOTE |
| Target audience note |
8-12. |
| 650 #0 - SUBJECT ADDED ENTRY--TOPICAL TERM |
| Topical term or geographic name entry element |
Rivers |
| Form subdivision |
Juvenile literature. |
| 700 1# - ADDED ENTRY--PERSONAL NAME |
| Personal name |
Phillips, Mike, |
| Dates associated with a name |
1961- |
| Relator term |
illustrator |
| 942 ## - ADDED ENTRY ELEMENTS (KOHA) |
| Source of classification or shelving scheme |
|
| Koha item type |
Books - Non Ficton |